Educational psychology (A) (Record no. 9178)

MARC details
000 -LEADER
fixed length control field 00597cam a2200229ua 4500
008 - FIXED-LENGTH DATA ELEMENTS--GENERAL INFORMATION
fixed length control field 170925n ii |||gr||||Z||||||asm
020 ## - INTERNATIONAL STANDARD BOOK NUMBER
International Standard Book Number 9789382030188
040 ## - CATALOGING SOURCE
Transcribing agency MAIN
041 ## - LANGUAGE CODE
-- asm
082 ## - DEWEY DECIMAL CLASSIFICATION NUMBER
Classification number 370.15
100 ## - MAIN ENTRY--PERSONAL NAME
Personal name Bora, Swapnali,
Relator term
245 ## - TITLE STATEMENT
Title Educational psychology (A)
Statement of responsibility, etc. By Swapnali Bora and others
250 ## - EDITION STATEMENT
Edition statement 1st ed.
260 ## - PUBLICATION, DISTRIBUTION, ETC.
Place of publication, distribution, etc. Jorhat:
Name of publisher, distributor, etc. Unika prakashan,
Date of publication, distribution, etc. 2012.
300 ## - PHYSICAL DESCRIPTION
Extent 216p.
700 ## - ADDED ENTRY--PERSONAL NAME
Personal name Gogoi, Bondipa,
Relator term
700 ## - ADDED ENTRY--PERSONAL NAME
Personal name Bordoloi, Pompi,
Relator term
700 ## - ADDED ENTRY--PERSONAL NAME
Personal name Dutta, Ujjal Kumar,
Relator term
942 ## - ADDED ENTRY ELEMENTS (KOHA)
Koha item type Books
653 ## - INDEX TERM--UNCONTROLLED
Uncontrolled term Education
Holdings
Withdrawn status Lost status Damaged status Not for loan Home library Current library Shelving location Date acquired Total Checkouts Full call number Barcode Date due Date last seen Date last checked out Copy number Price effective from Koha item type
        Central Library, Naharkatiya College Central Library, Naharkatiya College General Stacks 19/09/2020 5 370.15 | EDU 23777 13/05/2024 01/04/2024 01/04/2024 5 19/09/2020 Books
        Central Library, Naharkatiya College Central Library, Naharkatiya College General Stacks 19/09/2020 4 370.15 | EDU 23778   26/06/2024 21/06/2024 4 19/09/2020 Books
        Central Library, Naharkatiya College Central Library, Naharkatiya College General Stacks 19/09/2020 2 370.15 | EDU 23779   20/03/2023 04/03/2023 3 19/09/2020 Books
        Central Library, Naharkatiya College Central Library, Naharkatiya College General Stacks 19/09/2020 3 370.15 | EDU 23780   21/02/2023 15/02/2023 2 19/09/2020 Books
        Central Library, Naharkatiya College Central Library, Naharkatiya College General Stacks 19/09/2020 2 370.15 | EDU 23781   21/02/2023 15/02/2023 1 19/09/2020 Books

Naharkatiya College © 2020. All rights reserved.

Powered By